| 000 | 01004cad a22002535a 4500 | ||
|---|---|---|---|
| 001 | E145836 | ||
| 008 | 081112s2004 xxk e s000 0 eng u | ||
| 035 | _a(Sirsi) u145837 | ||
| 041 | _aeng | ||
| 050 | 0 | 4 | _a306.109411 $2 18 |
| 110 | 2 |
_aScottish Executive _93811 |
|
| 245 | 0 | 0 |
_aHouses in multiple occupation _ba guide for tenants _h[electronic resource] |
| 260 |
_aEdinburgh _bScottish Executive _c2004 |
||
| 300 |
_a2p. _bfolded _c21cm. |
||
| 520 | _aSets out the definition of a House in Multiple Occupation (HMO) and discusses the implications of HMOs for tenants. | ||
| 650 | _aCIVIC GOVERNMENT (SCOTLAND) ACT 1982 | ||
| 650 | _aHOUSES IN MULTIPLE OCCUPATION | ||
| 650 | _aLOCAL AUTHORITIES | ||
| 650 | _aMANDATORY LICENSING | ||
| 651 | 4 |
_aScotland _y1999- |
|
| 690 | _aPROPERTY-RESIDENTIAL PROPERTY-DOMESTIC RESIDENTIAL PROPERTY-HOUSING | ||
| 856 | 4 | 1 |
_uhttps://www.scotland.gov.uk/Publications/2004/07/19733/40897 _zView the leaflet free of charge at www.scotland.gov.uk... |
| 942 | _n0 | ||
| 999 |
_c108939 _d108939 |
||